| 000 | 00519nam a2200217Ia 4500 | ||
|---|---|---|---|
| 008 | 170918s9999 xx 000 0 und d | ||
| 020 | _a9780545103763 | ||
| 050 | _bS857 2011 | ||
| 100 | _aStilton, Geronimo | ||
| 245 | 4 | _aThe giant diamond robbery / | |
| 245 | _cby Geronimo Stilton. | ||
| 260 | _aNew York : | ||
| 260 | _bScholastic, | ||
| 260 | _c2011 | ||
| 300 | _a105 pages : | ||
| 300 | _bcolor illustrations ; | ||
| 300 | _c19cm. | ||
| 300 | _eGeronimo Stilton ; | ||
| 440 | _a44 | ||
| 500 | _a570 | ||
| 999 |
_c343727 _d343727 |
||